000
00226nam a2200097Ia 4500
005
20251222114352.0
008
251222s1900||||xx |||||||||||||| ||spa||
082
_a
DVD0110/W19D/Vol.3
245
0
_a
Fábulas de Disney:
942
_c
DVD
999
_c
1299
_d
1299